MARC details
| 000 -CABECERA |
| campo de control de longitud fija |
00828nam a2200229 a 4500 |
| 005 - FECHA Y HORA DE LA ÚLTIMA TRANSACCIÓN |
| campo de control |
20260401064039.0 |
| 008 - ELEMENTOS DE LONGITUD FIJA--INFORMACIÓN GENERAL |
| campo de control de longitud fija |
040921s1997 mx r 000 0 spa d |
| 020 ## - NÚMERO INTERNACIONAL NORMALIZADO PARA LIBROS |
| Número Internacional Estándar del Libro |
9701805402 |
| 035 ## - NÚMERO DE CONTROL DEL SISTEMA |
| Número de control de sistema |
UPN01000134754 |
| 049 ## - COLECCIÓN |
| Colección |
CG |
| 050 #4 - SIGNATURA TOPOGRÁFICA DE LA BIBLIOTECA DEL CONGRESO |
| Número de clasificación |
QD95 |
| Número de documento/Ítem |
P4.3 |
| 100 1# - ASIENTO PRINCIPAL--NOMBRE PERSONAL |
| Nombre de persona |
Pérez Martínez, Carlos S. |
| 245 10 - MENCIÓN DE TÍTULO |
| Título |
Espectrometría de masas / |
| Mención de responsabilidad, etc. |
Carlos S. Pérez Martínez, Esther Alonso Becerra, Leandro González Rodríguez. |
| 260 ## - PUBLICACIÓN, DISTRIBUCIÓN, ETC. |
| Lugar de publicación, distribución, etc. |
México : |
| Nombre del editor, distribuidor, etc. |
IPN ; |
| Fecha de publicación, distribución, etc. |
Cuba : |
| Nombre del editor, distribuidor, etc. |
Ministerio de Educación Superior, |
| Fecha de publicación, distribución, etc. |
1997. |
| 300 ## - DESCRIPCIÓN FÍSICA |
| Extensión |
217 p. : |
| Otras características físicas |
gráfs. |
| 500 ## - NOTA GENERAL |
| Nota general |
Universidad de la Habana, Facultad de Química |
| 650 #4 - ASIENTO SECUNDARIO DE MATERIA - TERMINO TEMATICO |
| Término de materia o nombre geográfico como elemento de entrada |
ESPECTROMETRIA DE MASAS |
| 9 (RLIN) |
22216 |
| 650 #4 - ASIENTO SECUNDARIO DE MATERIA - TERMINO TEMATICO |
| Término de materia o nombre geográfico como elemento de entrada |
Química |
| Subdivisión general |
Estudio y enseñanza (Superior) |
| 9 (RLIN) |
7245 |
| 700 1# - ASIENTO SECUNDARIO--NOMBRE DE PERSONAL |
| Nombre de persona |
Alonso Becerra, Esther, |
| Término indicativo de función/relación |
coaut. |
| 700 1# - ASIENTO SECUNDARIO--NOMBRE DE PERSONAL |
| Nombre de persona |
González Rodriguez, Leandro, |
| Término indicativo de función/relación |
coaut. |
| 905 ## - TIPO DE MATERIAL |
| Tipo de material |
Libro |